Portuguese Nouns: Body Parts - Statistics

General Stats
  • This quiz has been taken 94 times
    7 since last reset
  • The average score is 39 of 64
Answer Stats
Português English % Correct
Sangue Blood
100%
Foot
100%
Mão Hand
100%
Cabeça Head
100%
Coração Heart
100%
Perna Leg
100%
Boca Mouth
100%
Músculo Muscle
100%
Braço Arm
86%
Corpo Body
86%
Osso Bone
86%
Orelha/Ouvido Ear
86%
Olho Eye
86%
Rosto/Cara Face
86%
Nariz Nose
86%
Língua Tongue
86%
Costas Back
71%
Barriga/Ventre Belly
71%
Bunda/Bundo/Bumbum/Popô/Popozão/Bundão Butt
71%
Dedos Fingers
71%
Cabelo Hair
71%
Palma Palm
71%
Pele Skin
71%
Estômago Stomach
71%
Dentes Teeth
71%
Dedos do pé Toes
71%
Pulso/Munheca Wrist
71%
Axila Armpit
57%
Barba (males) Beard
57%
Cérebro Brain
57%
Peito Chest
57%
Sobrancelhas Eyebrows
57%
Unha da mão Fingernail
57%
Ponta do dedo Fingertip
57%
Quadris Hips
57%
Joelho Knee
57%
Lábios/Beiço (singular) Lips
57%
Unha Nail
57%
Pescoço Neck
57%
Polegar Thumb
57%
Unha do pé Toenail
57%
Torso Torso
57%
Tornozelo Ankle
43%
Bochecha Cheek
43%
Queixo Chin
43%
Cotovelo Elbow
43%
Cílios Eyelashes
43%
Fronte/Testa Forehead
43%
Talão/Calcanhar/Salto Heel
43%
Membros Limbs
43%
Umbigo (also belly button) Navel
43%
Ombro Shoulder
43%
Garganta Throat
43%
Cintura Waist
43%
Covinha Dimple
29%
Punho/Soco Fist
29%
Bigode (males) Moustache
29%
Canela (also cinnamon) Shin
29%
Coxa Thigh
29%
Cavanhaque Goatee
14%
Anca Haunch
14%
Nós dos dedos/Nó (singular) Knuckles
14%
Nádega/Alcatra Rump
14%
Suíças/Patilhas/Costeletas Sideburns
14%
No matching quizzes found
Score Distribution
Percent of People with Each Score
Percentile by Number Answered
Your Score History
You have not taken this quiz since the last reset